Veronica Mars Episodes Quiz Stats

 Plays Quiz Updated Apr 3, 2020

     
Support Sporcle.
Go Orange.
Score 0/72 Timer 15:00
0 Plays Today
Season Episode Title % Correct
Season 1Pilot
90.9%
Season 1Leave it to Beaver
71.8%
Season 1A Trip to the Dentist
68.5%
Season 1An Echolls Family Christmas
67.3%
Season 3The Bitch Is Back
65.7%
Season 2Normal is the Watchword
65.3%
Season 1Mars vs. Mars
65.1%
Season 2Not Pictured
64.7%
Season 1Meet John Smith
63.5%
Season 1M.A.D.
61.3%
Season 1Credit Where Credit's Due
60.6%
Season 1Hot Dogs
60.5%
Season 1Weapons of Class Destruction
59.1%
Season 1Betty and Veronica
58.8%
Season 1Kanes and Abel's
58%
Season 1Return of the Kane
57.8%
Season 2Rat Saw God
57.6%
Season 3Welcome Wagon
57.1%
Season 1Ruskie Business
56.5%
Season 1The Wrath of Con
56.4%
Season 1Clash of the Tritons
56.1%
Season 1Like a Virgin
56%
Season 2One Angry Veronica
55.9%
Season 2Driver Ed
55.8%
Season 1Drinking the Kool-aid
55.3%
Season 1You Think You Know Somebody
55%
Season 2Donut Run
54.1%
Season 2The Rapes of Graff
53.7%
Season 1The Girl Next Door
53.6%
Season 2Ain't No Magic Mountain High Enough
53%
Season 1Silence of the Lamb
52.2%
Season 3Spit & Eggs
51.9%
Season 2I Am God
50.8%
Season 2Rashard and Wallace go to White Castle
50.6%
Season 1Lord of the Bling
50.4%
Season 3Mars, Bars
50.3%
Season Episode Title % Correct
Season 3Weevils Wobble But They Don't Go Down
50.2%
Season 2Green-Eyed Monster
48.6%
Season 2Cheatty Cheatty Bang Bang
48.1%
Season 2My Mother, the Fiend
47.9%
Season 3My Big Fat Greek Rush Week
47.1%
Season 2Happy Go Lucky
46.4%
Season 2Look Who's Stalking
45.7%
Season 2Plan B
45.5%
Season 2Ahoy Mateys
45.4%
Season 3Wichita Linebacker
45.2%
Season 2Nobody Puts Baby in a Corner
45.1%
Season 3Charlie Don't Surf
44.1%
Season 3Debasement Tapes
43.5%
Season 2Nevermind the Buttocks
43.3%
Season 3Lord of the Pi's
43.2%
Season 2Versatile Toppings
43.2%
Season 4Years, Continents, Bloodshed
42.8%
Season 3Hi, Infidelity
42.7%
Season 3Papa's Cabin
41.9%
Season 3Un-American Graffiti
41.6%
Season 3President Evil
41.5%
Season 3Poughkeepsie, Tramps and Thieves
41.2%
Season 4Spring Break Forever
40.7%
Season 3I Know What You'll Do Next Summer
39.9%
Season 3Show Me the Monkey
39.8%
Season 3There's Got to Be a Morning After Pill
39.7%
Season 4Chino and the Man
38.5%
Season 2The Quick and the Wed
38.4%
Season 2Blast from the Past
37.5%
Season 3Of Vice and Men
37.5%
Season 4Heads You Lose
37%
Season 4Gods of War
36.4%
Season 4Keep Calm and Party On
35.2%
Season 4Losing Streak
33.6%
Season 3Postgame Mortem
33.6%
Season 4Entering a World of Pain
33%

From the Vault

Baby Names: 'N' Boy Names by Decade

by triplet_3

A whole lot of names 'n' stuff.
Remove Ads.
Support Sporcle.
Get the best of Sporcle when you Go Orange. This ad-free experience offers more features, more stats, and more fun while also helping to support Sporcle. Thank you for becoming a member.

Show Comments

Extras

Top Quizzes Today


Score Distribution

Your Account Isn't Verified!

In order to create a playlist on Sporcle, you need to verify the email address you used during registration. Go to your Sporcle Settings to finish the process.

Report this User

Report this user for behavior that violates our Community Guidelines.

Details: